01083cam a2200277 a 450000100060000000300080000600500170001400800390003103500290007004000270009904100080012608200200013410000340015424500520018826000720024030000240031249000940033650400270043065000360045765000380049383000190053183000940055094200120064499900170065695201320067334530BD-RjUL20211209052156.0140517r19711966enka b 000 0 eng a(BD-RjUL)34624a66-76424 aDLCcCWRdBD-RjULbeng aeng a301.2bBAM 19711 aBarth, Fredrik,d1928-93725610aModels of social organization /cFredrik Barth. aLondon :bRoyal Anthropological Institute,cc1966 [Reprinted 1971]. avi, 32 p. ;c25 cm.1 aOccasional paper (Royal Anthropological Institute of Great Britain and Ireland) ;vno. 23 aBibliography: p. [33]. 0aSociologyxMethodology.9105031 0aAnthropologyxMethodology.934704 0vno. 239105034 0aOccasional paper (Royal Anthropological Institute of Great Britain and Ireland) ;9105035 2ddccBK c34530d34530 00102ddc40718NFICaRUCLbRUCLcReadingd1981-08-13eNetharlandl0o301.2 BAM 1971r2014-05-17 00:00:00tC-1w2014-05-17yBK